Statistics for North American Countries

Click here to take the quiz!

General Stats

  • This quiz has been taken 2,101 times
  • The average score is 16 of 23

Answer Stats

Answer% Correct
United States
98%
Canada
97%
Mexico
94%
Cuba
85%
Panama
84%
Haiti
80%
Jamaica
80%
Dominica
78%
Costa Rica
77%
Honduras
77%
Bahamas
76%
El Salvador
74%
Belize
72%
Dominican Republic
72%
Guatemala
72%
Nicaragua
72%
Barbados
66%
Antigua And Barbuda
57%
Saint Lucia
55%
Grenada
53%
Trinidad and Tobago
51%
Saint Kitts and Nevis
39%
Saint Vincent and the Grenadines
31%

Score Distribution

Percentile by Number Answered

Percent of People with Each Score

Your Score History

You have not taken this quiz